Estudios sobre historia de la iglesia: América, Argentina, Mendoza. Pío XII: la paz y la iglesia del silencio

Kaydedildi:
Detaylı Bibliyografya
Yazar: Santos Martínez, Pedro (Yazar)
Materyal Türü: Kitap
Dil:İspanyolca
Baskı/Yayın Bilgisi: Mendoza Gladius 2009
Edisyon:1a. ed
Konular:
Etiketler: Etiketle
Etiket eklenmemiş, İlk siz ekleyin!

MARC

LEADER 00000nam a2200000 a 4500
001 UCH9499
003 CL-VaPUC
008 100114e20090000AG |||||||||||||||||spa|d
020 |a 9789876590099 
082 0 4 |a 270  |b SAN  |2 21 
100 0 |a Santos Martínez, Pedro  |e author  |9 546681 
245 1 0 |a Estudios sobre historia de la iglesia: América, Argentina, Mendoza. Pío XII: la paz y la iglesia del silencio 
250 |a 1a. ed 
300 |a 317 p 
942 |c BK 
945 |d 20100114 00:00:00  |a rbrito 
260 |a Mendoza  |b Gladius  |c 2009 
650 7 |a HISTORIA DE LA IGLESIA ARGENTINA  |2 CL-VaPUC  |9 546682 
651 0 |a Argentina  |9 254888 
583 |a last modification  |c 20100114 00:00:00  |k Rodrigo Vera 
999 |c 339466  |d 339464 
952 |0 0  |1 0  |4 0  |6 270_000000000000000_SAN_2009  |7 0  |8 A  |9 433126  |a BIBTEO  |b BIBTEO  |d 2019-11-22  |i 4634810  |o 270 SAN 2009  |p 4634810  |r 2025-01-17  |w 2019-11-22  |y BK  |k ICR 
952 |0 0  |1 0  |4 0  |6 270_000000000000000_SAN_2009  |7 0  |8 A  |9 433127  |a BIBHIS  |b BIBHIS  |d 2019-11-22  |i 4664930  |o 270 SAN 2009  |p 4664930  |r 2025-01-20  |w 2019-11-22  |y BK  |k HIS